Pokémon - Les attaques de Chaglam - Statistiques

Statistiques générales
  • Ce quiz a été pris 17 fois
  • Le résultat moyen est 9 sur 14
Statistiques - réponses
Niveaux Types Noms des attaques % Correct
Niveau 50 Fée Câlinerie
100%
Niveau 20 Normal Combo-Griffe
100%
Niveau 5 Normal Griffe
100%
Niveau 8 Normal Rugissement
88%
Niveau 25 Fée Charme
75%
Niveau 37 Normal Tranche
75%
Niveau 41 Ténèbres Coup Bas
63%
Niveau 48 Ténèbres Aiguisage
50%
Niveau 29 Normal Assistance
50%
Niveau 44 Normal Attraction
50%
Niveau 17 Ténèbres Feinte
50%
Niveau 13 Psy Hypnose
50%
Niveau 32 Normal Séduction
50%
Départ Normal Bluff
38%
Aucun quiz correspondant
Distribution des résultats
% des personnes avec chaque résultat
Percentile par nombre de réponses
Votre historique - résultats
Vous n’avez pas pris ce quiz